Zahraničnoobchodné vzťahy EÚ s vybranými tretími krajinami III (Južná Kórea, Kanada, Ukrajina a Rusko) habilitačná práca
Salvato in:
| Autore principale: | |
|---|---|
| Ente Autore: | |
| Altri autori: | , |
| Natura: | Libro |
| Lingua: | slovacco |
| Pubblicazione: |
Bratislava
Vydavateľstvo EKONÓM
2014
|
| Edizione: | 1. vyd. |
| Soggetti: | |
| Tags: |
Nessun Tag, puoi essere il primo ad aggiungerne!!
|
MARC
| LEADER | 00000nam a2200000 4500 | ||
|---|---|---|---|
| 001 | 0229239 | ||
| 005 | 20250515121230.9 | ||
| 041 | 0 | |a slo | |
| 044 | |a SK | ||
| 245 | 1 | 0 | |a Zahraničnoobchodné vzťahy EÚ s vybranými tretími krajinami III (Južná Kórea, Kanada, Ukrajina a Rusko) |b habilitačná práca |c Viera Ružeková ; oponenti Ludmila Štěrbová, Ľuboš Pavelka |
| 250 | |a 1. vyd. | ||
| 264 | 1 | |a Bratislava |b Vydavateľstvo EKONÓM |c 2014 | |
| 300 | |a CD-ROM [168 s.] | ||
| 610 | 2 | 0 | |a vzťahy zahraničné |
| 610 | 2 | 0 | |a vzťahy obchodné |
| 610 | 2 | 0 | |a Európska únia |
| 610 | 2 | 0 | |a Južná Kórea |
| 610 | 2 | 0 | |a Kanada |
| 610 | 2 | 0 | |a Ukrajina |
| 610 | 2 | 0 | |a Rusko |
| 610 | 2 | 0 | |a obchod svetový |
| 610 | 2 | 0 | |a obchod voľný |
| 610 | 2 | 0 | |a dohody obchodné medzinárodné |
| 610 | 2 | 0 | |a politika zahraničnoobchodná |
| 100 | 1 | |a Ružeková, Viera, 1957- | |
| 700 | 1 | |a Štěrbová, Ludmila | |
| 700 | 1 | |a Pavelka, Ľuboš, 1962- | |
| 710 | 2 | |a Obchodná fakulta EU. Katedra medzinárodného obchodu | |